000 01008nam a22003254a 4500
001 UByD004228
003 AR-LpoUNG
005 20260107133630.0
008 250926s2023 ag jr 000 j spa d
020 _a9789876848619
040 _aAR-LpoUNG
_bspa
_cAR-LpoUNG
_eaacr
041 0 _aspa
082 0 _aA863 117lla
100 1 _aCardamone, Rosa María
_ecomp.
245 1 3 _aLa llanura pampeana :
_bcuentos regionales argentinos
250 _a1ra. ed.
260 _aBuenos Aires :
_bColihue,
_c2023.
300 _a232 p.
490 0 _aIdentidades bonaerenses
505 0 _aSugerido a partir de los 12 años (etiqueta FUCSIA).
650 4 _aLiteratura argentina
650 4 _aNarrativa
650 4 _aCuentos
700 1 _aÁbalos, Jorge
700 1 _aCalifa, Oche
700 1 _aCastillo, Abelardo
700 1 _aConti, Haroldo
942 _2ddc
_cLIB
999 _c67219
_d67219